[Event "Calgary int."]
[Site "Calgary CAN"]
[Date "2013.05.14"]
[Round "1"]
[White "Jayakumar, Adarsh"]
[Black "Ebrahim Shirazi, Behrooz"]
[Result "1/2-1/2"]
[WhiteElo "2336"]
[BlackElo "2063"]
[PlyCount "75"]
[GameId "2160767909356100"]
[EventDate "2013.05.14"]
[EventType "swiss"]
[EventRounds "9"]
[EventCountry "CAN"]
[SourceTitle "The Week in Chess 967"]
[Source "Mark Crowther"]
[SourceDate "2013.05.20"]
[SourceVersion "1"]
[SourceVersionDate "2013.05.20"]
[SourceQuality "2"]

1. d4 d5 2. c4 e6 3. Nc3 Be7 4. Nf3 Nf6 5. cxd5 exd5 6. Bf4 c6 7. e3 Bf5 8. Bd3 Bxd3 9. Qxd3 O-O 10. h3 Re8 11. O-O Bd6 12. Bxd6 Qxd6 13. Ne5 Nbd7 14. f4 Nb6 15. Rae1 Re7 16. g4 Rae8 17. g5 Nfd7 18. e4 dxe4 19. Nxe4 Qd5 20. Nc3 Qa5 21. Re2 f6 22. Nxd7 Nxd7 23. Rfe1 Rxe2 24. Rxe2 Rxe2 25. Qxe2 Qf5 26. Qc4+ Kf8 27. gxf6 Nxf6 28. Qb4+ Kg8 29. Qxb7 Qxh3 30. Qxc6 Qe3+ 31. Kg2 Qxd4 32. Qe6+ Kf8 33. Kf3 h5 34. f5 Qg4+ 35. Ke3 h4 36. Nb5 Qg3+ 37. Kd4 Qf2+ 38. Kc4 1/2-1/2

[Event "Calgary int."]
[Site "Calgary CAN"]
[Date "2013.05.14"]
[Round "1"]
[White "Langer, Mikhail"]
[Black "So, Wesley"]
[Result "0-1"]
[WhiteElo "2237"]
[BlackElo "2701"]
[PlyCount "38"]
[GameId "2160767909356101"]
[EventDate "2013.05.14"]
[EventType "swiss"]
[EventRounds "9"]
[EventCountry "CAN"]
[SourceTitle "CBM 154 Extra"]
[Source "ChessBase"]
[SourceDate "2013.06.25"]
[SourceVersion "2"]
[SourceVersionDate "2013.06.25"]
[SourceQuality "1"]

1. e4 c5 2. Nf3 d6 3. d4 cxd4 4. Nxd4 Nf6 5. Nc3 a6 6. Bg5 Nbd7 7. f4 e5 8. Nf5 Qb6 9. Qd2 Qxb2 10. Rd1 h6 11. Bxf6 Nxf6 12. fxe5 Nxe4 13. Nxe4 Bxf5 14. Nxd6+ Bxd6 15. Qxd6 Qxa2 16. Bd3 Qa5+ 17. Kf2 Rd8 18. Bb5+ axb5 19. Qc5 Rc8 0-1

[Event "Calgary int."]
[Site "Calgary CAN"]
[Date "2013.05.14"]
[Round "1"]
[White "McEntee, Tim R"]
[Black "Perelshteyn, Eugene"]
[Result "0-1"]
[WhiteElo "2115"]
[BlackElo "2517"]
[PlyCount "74"]
[GameId "2160767909356102"]
[EventDate "2013.05.14"]
[EventType "swiss"]
[EventRounds "9"]
[EventCountry "CAN"]
[SourceTitle "CBM 154 Extra"]
[Source "ChessBase"]
[SourceDate "2013.06.25"]
[SourceVersion "2"]
[SourceVersionDate "2013.06.25"]
[SourceQuality "1"]

1. d4 Nf6 2. c4 g6 3. Nc3 Bg7 4. e4 d6 5. f3 a6 6. Be3 c6 7. c5 O-O 8. Nge2 b5 9. cxb6 Nbd7 10. g4 Nxb6 11. Ng3 a5 12. Rc1 a4 13. Qd2 Ba6 14. Bxa6 Rxa6 15. Nce2 Qa8 16. h4 e5 17. Bh6 Ne8 18. h5 Ra7 19. Bxg7 Nxg7 20. Qc3 Qb8 21. dxe5 dxe5 22. O-O Rc8 23. f4 Nd7 24. f5 gxh5 25. f6 Ne6 26. gxh5 Kh8 27. Kh1 Rg8 28. Rc2 Rb7 29. Qxc6 Ndc5 30. Rxc5 Rc7 31. Qxa4 Rxc5 32. b4 Rc4 33. a3 Qc8 34. Rf5 Nc5 35. Qa7 Nxe4 36. Qe3 Nxg3+ 37. Nxg3 Rc3 0-1

[Event "Calgary int."]
[Site "Calgary CAN"]
[Date "2013.05.14"]
[Round "1"]
[White "Mikhalevski, Victor"]
[Black "Haessel, Dale"]
[Result "1-0"]
[WhiteElo "2551"]
[BlackElo "2171"]
[PlyCount "37"]
[GameId "2160767909356103"]
[EventDate "2013.05.14"]
[EventType "swiss"]
[EventRounds "9"]
[EventCountry "CAN"]
[SourceTitle "CBM 154 Extra"]
[Source "ChessBase"]
[SourceDate "2013.06.25"]
[SourceVersion "2"]
[SourceVersionDate "2013.06.25"]
[SourceQuality "1"]

1. Nf3 Nf6 2. g3 c5 3. c4 Nc6 4. Bg2 d5 5. cxd5 Nxd5 6. Nc3 g6 7. d3 Bg7 8. Bd2 Nc7 9. Qc1 h6 10. O-O Qd7 11. a3 Ne6 12. b4 cxb4 13. axb4 Nxb4 14. Ra5 O-O 15. Bxh6 Bxh6 16. Qxh6 Qc7 17. Ne4 Rd8 18. Rc5 Nxc5 19. Nfg5 1-0

[Event "Calgary int."]
[Site "Calgary CAN"]
[Date "2013.05.14"]
[Round "1"]
[White "Piasetski, Leon"]
[Black "Pua, Richard"]
[Result "1/2-1/2"]
[WhiteElo "2282"]
[BlackElo "2007"]
[PlyCount "60"]
[GameId "2160767909356105"]
[EventDate "2013.05.14"]
[EventType "swiss"]
[EventRounds "9"]
[EventCountry "CAN"]
[SourceTitle "CBM 154 Extra"]
[Source "ChessBase"]
[SourceDate "2013.06.25"]
[SourceVersion "2"]
[SourceVersionDate "2013.06.25"]
[SourceQuality "1"]

1. Nf3 d5 2. d4 Nf6 3. c4 c6 4. Qb3 e6 5. g3 Bd6 6. Bg2 O-O 7. O-O Nbd7 8. Bf4 Bxf4 9. gxf4 b6 10. Na3 Ba6 11. Rac1 Rc8 12. Rfd1 Qe7 13. e3 Rfd8 14. Qa4 Bxc4 15. Nxc4 dxc4 16. Qxc4 c5 17. Qa6 Nb8 18. Qa3 Kf8 19. dxc5 Rxd1+ 20. Rxd1 Rxc5 21. b4 Rc7 22. Ne5 Nfd7 23. Qb2 Nxe5 24. Qxe5 Na6 25. Qe4 g6 26. a3 Kg7 27. Bf1 Nb8 28. Qe5+ f6 29. Qb2 Nc6 30. Bb5 Nd8 1/2-1/2

[Event "Calgary int."]
[Site "Calgary CAN"]
[Date "2013.05.14"]
[Round "1"]
[White "Van Kampen, Robin"]
[Black "Peter, Steven"]
[Result "1-0"]
[WhiteElo "2580"]
[BlackElo "2234"]
[PlyCount "83"]
[GameId "2160767909356107"]
[EventDate "2013.05.14"]
[EventType "swiss"]
[EventRounds "9"]
[EventCountry "CAN"]
[SourceTitle "The Week in Chess 967"]
[Source "Mark Crowther"]
[SourceDate "2013.05.20"]
[SourceVersion "1"]
[SourceVersionDate "2013.05.20"]
[SourceQuality "2"]

1. e4 e5 2. Nf3 Nc6 3. Bb5 g6 4. c3 a6 5. Ba4 d6 6. d4 Bd7 7. Bg5 Be7 8. Be3 Nf6 9. Bc2 O-O 10. O-O Nh5 11. d5 Nb8 12. c4 Qe8 13. Bh6 Ng7 14. Nc3 f6 15. Nd2 c5 16. dxc6 bxc6 17. c5 dxc5 18. Bb3+ Kh8 19. Nc4 Be6 20. Na5 Bd8 21. Nb7 c4 22. Nd6 Qe7 23. Nxc4 Bc7 24. Qe2 Nd7 25. Ba4 Qb4 26. Ne3 Qb6 27. Rac1 Rac8 28. b3 Bb8 29. Nc4 Qb4 30. a3 Qe7 31. b4 c5 32. Nd5 Bxd5 33. exd5 e4 34. d6 Qe6 35. Rfd1 Ba7 36. Be3 Nf5 37. Bxd7 Qxd7 38. Bxc5 Bxc5 39. bxc5 Rxc5 40. Nb6 Qc6 41. Rxc5 Qxc5 42. Nd7 1-0

[Event "Calgary int."]
[Site "Calgary CAN"]
[Date "2013.05.15"]
[Round "2"]
[White "Cao, Jason"]
[Black "Piasetski, Leon"]
[Result "1/2-1/2"]
[WhiteElo "2026"]
[BlackElo "2282"]
[PlyCount "89"]
[GameId "2160767909356108"]
[EventDate "2013.05.14"]
[EventType "swiss"]
[EventRounds "9"]
[EventCountry "CAN"]
[SourceTitle "CBM 154 Extra"]
[Source "ChessBase"]
[SourceDate "2013.06.25"]
[SourceVersion "2"]
[SourceVersionDate "2013.06.25"]
[SourceQuality "1"]

1. e4 c5 2. Nf3 e6 3. d4 cxd4 4. Nxd4 a6 5. Bd3 Bc5 6. Nb3 Be7 7. O-O d6 8. Qg4 g6 9. Nc3 Nf6 10. Qe2 O-O 11. a4 b6 12. Be3 Nbd7 13. f4 Bb7 14. Rad1 Qc7 15. h3 Rfe8 16. Nd2 Nc5 17. Bd4 e5 18. fxe5 dxe5 19. Be3 Nxd3 20. cxd3 Nd7 21. Nc4 Bc5 22. Qf2 Rf8 23. d4 exd4 24. Bxd4 f5 25. Nd5 Bxd5 26. exd5 Rae8 27. b3 Re4 28. Bxc5 bxc5 29. Rfe1 Rfe8 30. Rxe4 Rxe4 31. Re1 Nf6 32. Rxe4 Nxe4 33. Qe3 Qd8 34. d6 Nxd6 35. Qxc5 Ne4 36. Qe3 h5 37. a5 Kh7 38. Qa7+ Kh6 39. Qe3+ Kg7 40. b4 Qd5 41. Nb2 h4 42. Nd3 Qc4 43. Qa7+ Kh6 44. Qe3+ Kg7 45. Qa7+ 1/2-1/2

[Event "Calgary int."]
[Site "Calgary CAN"]
[Date "2013.05.15"]
[Round "2"]
[White "Nguyen, Kim"]
[Black "Gardner, Robert"]
[Result "0-1"]
[WhiteElo "2079"]
[BlackElo "2217"]
[PlyCount "84"]
[GameId "2160767909356112"]
[EventDate "2013.05.14"]
[EventType "swiss"]
[EventRounds "9"]
[EventCountry "CAN"]
[SourceTitle "The Week in Chess 967"]
[Source "Mark Crowther"]
[SourceDate "2013.05.20"]
[SourceVersion "1"]
[SourceVersionDate "2013.05.20"]
[SourceQuality "2"]

1. e4 d6 2. d4 Nf6 3. Nc3 g6 4. Be3 c6 5. Qd2 b5 6. Bd3 Nbd7 7. Nf3 Ng4 8. Bg5 h6 9. Bh4 g5 10. Bg3 Bg7 11. h3 Ngf6 12. e5 Nh5 13. e6 Nb6 14. exf7+ Kxf7 15. O-O-O Be6 16. Qe2 Nd5 17. Ne4 Nhf4 18. Bxf4 Nxf4 19. Qe3 Bf6 20. Rhe1 Qd7 21. Bf1 a5 22. Ne5+ dxe5 23. dxe5 Nd5 24. Qe2 Bg7 25. Qh5+ Kg8 26. Nc5 Qc8 27. c4 Nf4 28. Qf3 bxc4 29. g3 Nd3+ 30. Bxd3 cxd3 31. Rxd3 Bd5 32. Qe2 Qf5 33. Rd4 Bxa2 34. b3 Qb1+ 35. Kd2 Qb2+ 36. Ke3 Qc3+ 37. Nd3 c5 38. Rc4 Qxb3 39. Rxc5 Bb1 40. Rxb1 Qxb1 41. Nb2 Kh7 42. Kf3 Rhc8 0-1

[Event "Calgary int."]
[Site "Calgary CAN"]
[Date "2013.05.15"]
[Round "2"]
[White "Perelshteyn, Eugene"]
[Black "Van Kampen, Robin"]
[Result "1/2-1/2"]
[WhiteElo "2517"]
[BlackElo "2580"]
[PlyCount "131"]
[GameId "2160767909356113"]
[EventDate "2013.05.14"]
[EventType "swiss"]
[EventRounds "9"]
[EventCountry "CAN"]
[SourceTitle "The Week in Chess 967"]
[Source "Mark Crowther"]
[SourceDate "2013.05.20"]
[SourceVersion "1"]
[SourceVersionDate "2013.05.20"]
[SourceQuality "2"]

1. d4 Nf6 2. Nf3 g6 3. Nbd2 d5 4. e3 Bg7 5. Be2 O-O 6. b4 b6 7. c4 c5 8. bxc5 bxc5 9. dxc5 Na6 10. Bb2 Nxc5 11. O-O Ba6 12. Rc1 Rc8 13. Bd4 Nfe4 14. cxd5 Bxe2 15. Qxe2 Qxd5 16. Nxe4 Nxe4 17. Qa6 Nc3 18. Bxc3 Bxc3 19. Nd4 Rc5 20. Qxa7 Bxd4 21. exd4 Ra5 22. Qxe7 Rxa2 23. Qf6 Ra4 24. Rfd1 Qe6 25. Qf3 Rd8 26. d5 Qe5 27. Rd2 Re4 28. Qd1 Rd6 29. g3 h5 30. h4 Kg7 31. Kg2 Qf6 32. Qf3 Qxf3+ 33. Kxf3 Re5 34. Rcd1 Rf6+ 35. Kg2 Rd6 36. f4 Re3 37. Rc1 Kf6 38. Rc7 Ra3 39. Kh3 Rb3 40. Re2 Rxd5 41. Ree7 Rdd3 42. Rxf7+ Ke6 43. Rce7+ Kd6 44. Rd7+ Ke6 45. Rfe7+ Kf6 46. Rxd3 Rxd3 47. Re2 Ra3 48. Kg2 Rb3 49. Kf2 Ra3 50. Re3 Ra1 51. Rb3 Ra2+ 52. Kf3 Ra6 53. Rc3 Ra5 54. g4 hxg4+ 55. Kxg4 Ra6 56. Rb3 Rc6 57. Ra3 Rb6 58. Ra5 Rc6 59. h5 gxh5+ 60. Rxh5 Kg6 61. Rh1 Rc5 62. Ra1 Rb5 63. Ra6+ Kf7 64. Ra7+ Kf6 65. Ra6+ Kf7 66. Ra7+ 1/2-1/2

[Event "Calgary int."]
[Site "Calgary CAN"]
[Date "2013.05.15"]
[Round "2"]
[White "Peter, Steven"]
[Black "McEntee, Tim R"]
[Result "0-1"]
[WhiteElo "2234"]
[BlackElo "2115"]
[PlyCount "68"]
[GameId "2160767909356114"]
[EventDate "2013.05.14"]
[EventType "swiss"]
[EventRounds "9"]
[EventCountry "CAN"]
[SourceTitle "CBM 154 Extra"]
[Source "ChessBase"]
[SourceDate "2013.06.25"]
[SourceVersion "2"]
[SourceVersionDate "2013.06.25"]
[SourceQuality "1"]

1. e4 c5 2. Nf3 Nc6 3. Bb5 e6 4. Bxc6 bxc6 5. d3 d5 6. Qe2 Nf6 7. e5 Nd7 8. c4 Be7 9. O-O O-O 10. Nc3 Ba6 11. Re1 Qc7 12. h4 Rae8 13. Bf4 Nb6 14. b3 Rd8 15. g3 Kh8 16. Kg2 Rg8 17. Ng5 Bxg5 18. hxg5 g6 19. Rh1 Kg7 20. Qg4 Rh8 21. Rae1 Nd7 22. Nd1 Qa5 23. Qe2 Kf8 24. Ne3 Bb7 25. Ng4 Ke7 26. Bd2 Qc7 27. Bc1 Qa5 28. Bd2 Qc7 29. Qe3 Qb6 30. Qf4 Rdf8 31. Nf6 Nxf6 32. Qxf6+ Ke8 33. Qf4 Kd7 34. Rb1 Kc8 0-1

[Event "Calgary int."]
[Site "Calgary CAN"]
[Date "2013.05.15"]
[Round "2"]
[White "So, Wesley"]
[Black "Mikhalevski, Victor"]
[Result "1-0"]
[WhiteElo "2701"]
[BlackElo "2551"]
[PlyCount "106"]
[GameId "2160767909356116"]
[EventDate "2013.05.14"]
[EventType "swiss"]
[EventRounds "9"]
[EventCountry "CAN"]

1. d4 Nf6 2. c4 g6 3. Nc3 d5 4. Nf3 Bg7 5. Qa4+ Bd7 6. Qb3 dxc4 7. Qxc4 O-O 8. Bf4 Na6 9. e4 c5 10. e5 Be6 11. exf6 Bxc4 12. fxg7 Kxg7 13. Bxc4 cxd4 14. Rd1 Qa5 15. Be5+ f6 16. Bxd4 Rfd8 17. O-O e5 18. Be3 Rxd1 19. Rxd1 Rd8 20. Rc1 Nb4 21. Ne4 Nxa2 22. Re1 Nb4 23. Nc5 Nc2 24. Nxb7 Qb4 25. Nxd8 Qxc4 26. Rc1 Qd5 27. Ne6+ Kf7 28. Bd2 Qb3 29. Nd8+ Ke8 30. Nb7 Qxb2 31. Nd6+ Ke7 32. Nc4 Qa2 33. Ne3 Nxe3 34. Bxe3 a5 35. Nd2 a4 36. h4 Qd5 37. Rc5 Qd3 38. Ra5 Qc2 39. Kh2 h5 40. f3 Qd3 41. Bh6 Qd4 42. Ne4 Qb4 43. Bd2 Qd4 44. Bc3 Qe3 45. Bd2 Qd4 46. Be1 Kf7 47. Bf2 Qb4 48. Ra7+ Ke8 49. Nxf6+ Kd8 50. Ra8+ Kc7 51. Nd5+ Kb7 52. Ra7+ Kc6 53. Nxb4+ Kb5 1-0

[Event "Calgary int."]
[Site "Calgary CAN"]
[Date "2013.05.15"]
[Round "2"]
[White "Yam, Alex"]
[Black "Ebrahim Shirazi, Behrooz"]
[Result "1-0"]
[WhiteElo "2283"]
[BlackElo "2063"]
[PlyCount "85"]
[GameId "2160767909356117"]
[EventDate "2013.05.14"]
[EventType "swiss"]
[EventRounds "9"]
[EventCountry "CAN"]
[SourceTitle "The Week in Chess 967"]
[Source "Mark Crowther"]
[SourceDate "2013.05.20"]
[SourceVersion "1"]
[SourceVersionDate "2013.05.20"]
[SourceQuality "2"]

1. e4 e6 2. d4 d5 3. Nc3 Bb4 4. e5 Qd7 5. a3 Bxc3+ 6. bxc3 b6 7. a4 Ba6 8. Bd3 Bxd3 9. cxd3 Nc6 10. Nf3 Nge7 11. O-O O-O 12. Re1 Nf5 13. g4 Nfe7 14. Ba3 Rfd8 15. Qd2 Rac8 16. h4 Na5 17. Reb1 Nb7 18. h5 h6 19. Kh1 c5 20. Rg1 Kh8 21. Qf4 cxd4 22. g5 hxg5 23. Qxg5 Nf5 24. Nxd4 Rg8 25. Nxf5 exf5 26. h6 g6 27. h7 Rg7 28. Be7 f4 29. Kg2 Qf5 30. Rh1 Nc5 31. Qxf5 gxf5+ 32. Kf3 Nd7 33. Kxf4 Rxc3 34. Rac1 Rxc1 35. Rxc1 Kxh7 36. Rc7 Nc5 37. Bxc5 bxc5 38. Kxf5 Rg2 39. f4 Kg8 40. Rxc5 Ra2 41. Kf6 Rxa4 42. Rc8+ Kh7 43. f5 1-0

[Event "Calgary int."]
[Site "Calgary CAN"]
[Date "2013.05.15"]
[Round "3"]
[White "Ebrahim Shirazi, Behrooz"]
[Black "Cao, Jason"]
[Result "1/2-1/2"]
[WhiteElo "2063"]
[BlackElo "2026"]
[PlyCount "127"]
[GameId "2160767909356118"]
[EventDate "2013.05.14"]
[EventType "swiss"]
[EventRounds "9"]
[EventCountry "CAN"]
[SourceTitle "The Week in Chess 967"]
[Source "Mark Crowther"]
[SourceDate "2013.05.20"]
[SourceVersion "1"]
[SourceVersionDate "2013.05.20"]
[SourceQuality "2"]

1. d4 Nf6 2. c4 e6 3. Nc3 Bb4 4. Bg5 c5 5. d5 Bxc3+ 6. bxc3 d6 7. e3 Qe7 8. Nf3 Nbd7 9. Bd3 h6 10. Bh4 b6 11. O-O Bb7 12. e4 O-O 13. a4 Rfe8 14. a5 e5 15. Ne1 Nf8 16. Nc2 Ng6 17. Bg3 Reb8 18. Ne3 Qd8 19. f4 exf4 20. Bxf4 Nxf4 21. Rxf4 Bc8 22. a6 Nd7 23. Ng4 Nf8 24. e5 Bxg4 25. Rxg4 dxe5 26. d6 Nd7 27. Be4 Nf6 28. Bxa8 Nxg4 29. Bb7 Qh4 30. h3 Qf2+ 31. Kh1 Nf6 32. Qd3 Rd8 33. Rd1 Qf4 34. g3 e4 35. gxf4 exd3 36. Rxd3 g6 37. Kg2 Kf8 38. Kf3 Ne8 39. d7 Nc7 40. Bc8 Ne6 41. Rd5 Ke7 42. f5 Nf8 43. fxg6 fxg6 44. Re5+ Kd6 45. Re8 Kc7 46. Re7 Nxd7 47. Bb7 Kd6 48. Rg7 Ne5+ 49. Kg3 g5 50. Rh7 Nxc4 51. Rxh6+ Kc7 52. Kg4 Nd6 53. Rh7+ Rd7 54. Rxd7+ Kxd7 55. Kxg5 b5 56. Bd5 Ke7 57. h4 b4 58. cxb4 cxb4 59. Kg6 Ne8 60. h5 Nf6 61. Bb3 Nxh5 62. Kxh5 Kd6 63. Kg4 Kc5 64. Bd5 1/2-1/2

[Event "Calgary int."]
[Site "Calgary CAN"]
[Date "2013.05.15"]
[Round "3"]
[White "Langer, Mikhail"]
[Black "Pua, Richard"]
[Result "1-0"]
[WhiteElo "2237"]
[BlackElo "2007"]
[PlyCount "65"]
[GameId "2160767909356121"]
[EventDate "2013.05.14"]
[EventType "swiss"]
[EventRounds "9"]
[EventCountry "CAN"]
[SourceTitle "The Week in Chess 967"]
[Source "Mark Crowther"]
[SourceDate "2013.05.20"]
[SourceVersion "1"]
[SourceVersionDate "2013.05.20"]
[SourceQuality "2"]

1. e4 e5 2. Nf3 Nc6 3. Bc4 Bc5 4. d3 Nf6 5. c3 d6 6. b4 Bb6 7. O-O O-O 8. Bg5 h6 9. Bh4 g5 10. Bg3 Bg4 11. Nbd2 Nh5 12. Bb3 Qf6 13. Kh1 a6 14. h3 Bxf3 15. Nxf3 Nxg3+ 16. fxg3 Qg6 17. Nh2 Kg7 18. g4 Ne7 19. Rf3 Rad8 20. Qe2 f6 21. Nf1 h5 22. gxh5 Qxh5 23. Ng3 Qg6 24. Be6 Rh8 25. Bg4 Rh4 26. Rff1 Rdh8 27. Rad1 R4h6 28. d4 Qe8 29. Qc4 Qg8 30. Be6 Qe8 31. dxe5 dxe5 32. Rd7 Kf8 33. Rfd1 1-0

[Event "Calgary int."]
[Site "Calgary CAN"]
[Date "2013.05.15"]
[Round "3"]
[White "Peter, Steven"]
[Black "Nguyen, Kim"]
[Result "0-1"]
[WhiteElo "2234"]
[BlackElo "2079"]
[PlyCount "72"]
[GameId "2160767909356123"]
[EventDate "2013.05.14"]
[EventType "swiss"]
[EventRounds "9"]
[EventCountry "CAN"]
[SourceTitle "The Week in Chess 967"]
[Source "Mark Crowther"]
[SourceDate "2013.05.20"]
[SourceVersion "1"]
[SourceVersionDate "2013.05.20"]
[SourceQuality "2"]

1. e4 c5 2. Nf3 d6 3. d4 cxd4 4. Qxd4 a6 5. c4 Nf6 6. Nc3 Nc6 7. Qd3 g6 8. Be2 Bg7 9. O-O Bg4 10. Rd1 Rc8 11. Nd5 Nd7 12. Be3 O-O 13. Qd2 Bxf3 14. gxf3 Nce5 15. Rac1 e6 16. Nc3 Qh4 17. Bf4 Rc6 18. Bg3 Qe7 19. f4 Bh6 20. Qd4 f5 21. Rc2 Nf7 22. e5 Rd8 23. exd6 Rxd6 24. Qe3 Rxd1+ 25. Bxd1 Nf6 26. Bh4 Rc8 27. Be2 e5 28. Bg5 Bxg5 29. fxg5 Nd7 30. Nd5 Qc5 31. Rd2 Kg7 32. Qg3 Nd6 33. b4 Qc6 34. Ne7 Ne4 35. Qd3 Qc7 36. Qxd7 Nxd2 0-1

[Event "Calgary int."]
[Site "Calgary CAN"]
[Date "2013.05.15"]
[Round "3"]
[White "Piasetski, Leon"]
[Black "Kostadinov, George"]
[Result "1/2-1/2"]
[WhiteElo "2282"]
[BlackElo "2082"]
[PlyCount "82"]
[GameId "2160767909356124"]
[EventDate "2013.05.14"]
[EventType "swiss"]
[EventRounds "9"]
[EventCountry "CAN"]
[SourceTitle "CBM 154 Extra"]
[Source "ChessBase"]
[SourceDate "2013.06.25"]
[SourceVersion "2"]
[SourceVersionDate "2013.06.25"]
[SourceQuality "1"]

1. Nf3 d5 2. d4 Nf6 3. c4 c6 4. Nc3 a6 5. c5 Bf5 6. Qb3 Qc8 7. Bf4 Nbd7 8. h3 h6 9. e3 e6 10. Rc1 Be7 11. Be2 O-O 12. O-O Re8 13. Na4 Bd8 14. Ne5 Bc7 15. Nb6 Nxb6 16. cxb6 Bxe5 17. Bxe5 Nd7 18. Bc7 e5 19. Rfd1 exd4 20. Rxd4 Nf6 21. g4 Be4 22. f3 Bg6 23. Kf2 Qe6 24. Rd2 Qe7 25. Qc3 Nd7 26. b4 Ne5 27. Bxe5 Qxe5 28. Qxe5 Rxe5 29. f4 Re7 30. f5 Bh7 31. Bd3 g6 32. Kf3 Kg7 33. e4 Rd8 34. Re2 dxe4+ 35. Bxe4 gxf5 36. gxf5 Kf6 37. Rc5 Rd4 38. a3 Red7 39. Kf4 R7d5 40. Kf3 Rd8 41. Re3 R8d7 1/2-1/2

[Event "Calgary int."]
[Site "Calgary CAN"]
[Date "2013.05.15"]
[Round "3"]
[White "Van Kampen, Robin"]
[Black "Yam, Alex"]
[Result "1-0"]
[WhiteElo "2580"]
[BlackElo "2283"]
[PlyCount "53"]
[GameId "2160767909356126"]
[EventDate "2013.05.14"]
[EventType "swiss"]
[EventRounds "9"]
[EventCountry "CAN"]
[SourceTitle "The Week in Chess 967"]
[Source "Mark Crowther"]
[SourceDate "2013.05.20"]
[SourceVersion "1"]
[SourceVersionDate "2013.05.20"]
[SourceQuality "2"]

1. e4 d5 2. exd5 Nf6 3. Bb5+ Bd7 4. Bc4 b5 5. Bb3 Bg4 6. f3 Bc8 7. d4 Nxd5 8. Ne2 e6 9. Nbc3 a6 10. a4 b4 11. Nxd5 exd5 12. O-O Be7 13. Nf4 c6 14. a5 O-O 15. Bd2 Ra7 16. Nd3 Bf6 17. Be3 Rb7 18. Qd2 Kh8 19. Rfe1 Rb5 20. Ba4 Rb7 21. Nc5 Re7 22. Qxb4 Bf5 23. Bf4 g5 24. Bg3 h5 25. Rxe7 Bxe7 26. Re1 Nd7 27. Bxc6 1-0

[Event "Calgary int."]
[Site "Calgary CAN"]
[Date "2013.05.16"]
[Round "4"]
[White "Gardner, Robert"]
[Black "Ebrahim Shirazi, Behrooz"]
[Result "0-1"]
[WhiteElo "2217"]
[BlackElo "2063"]
[PlyCount "92"]
[GameId "2160767909356129"]
[EventDate "2013.05.14"]
[EventType "swiss"]
[EventRounds "9"]
[EventCountry "CAN"]
[SourceTitle "The Week in Chess 967"]
[Source "Mark Crowther"]
[SourceDate "2013.05.20"]
[SourceVersion "1"]
[SourceVersionDate "2013.05.20"]
[SourceQuality "2"]

1. d4 d5 2. c4 e6 3. Nc3 Be7 4. cxd5 exd5 5. Bf4 c6 6. e3 Nf6 7. Bd3 O-O 8. Qc2 Re8 9. Nf3 Nbd7 10. O-O Nf8 11. h3 Ng6 12. Bh2 Bd6 13. Rab1 Bxh2+ 14. Kxh2 Qd6+ 15. Kg1 Qe7 16. b4 Ne4 17. b5 Nh4 18. Ne5 Nxc3 19. Qxc3 Qg5 20. g4 f6 21. f4 Qh6 22. bxc6 fxe5 23. cxb7 Bxb7 24. Rxb7 exf4 25. Rxf4 Rf8 26. Qc7 Nf3+ 27. Kf2 Nxd4 28. Qe5 Ne6 29. Rxf8+ Rxf8+ 30. Bf5 Ng5 31. Ke2 Qa6+ 32. Bd3 Qxb7 33. Qxg5 Qb2+ 34. Kd1 Qa1+ 35. Ke2 Qxa2+ 36. Ke1 Qb3 37. Bf5 Re8 38. Ke2 Qb2+ 39. Kf3 Qe5 40. h4 g6 41. h5 Qxe3+ 42. Qxe3 Rxe3+ 43. Kxe3 gxf5 44. gxf5 a5 45. Kd4 a4 46. Kc3 Kf7 0-1

[Event "Calgary int."]
[Site "Calgary CAN"]
[Date "2013.05.16"]
[Round "4"]
[White "Haessel, Dale"]
[Black "Piasetski, Leon"]
[Result "1/2-1/2"]
[WhiteElo "2171"]
[BlackElo "2282"]
[PlyCount "61"]
[GameId "2160767909356130"]
[EventDate "2013.05.14"]
[EventType "swiss"]
[EventRounds "9"]
[EventCountry "CAN"]
[SourceTitle "CBM 154 Extra"]
[Source "ChessBase"]
[SourceDate "2013.06.25"]
[SourceVersion "2"]
[SourceVersionDate "2013.06.25"]
[SourceQuality "1"]

1. d4 Nf6 2. c4 e6 3. Nc3 c5 4. d5 exd5 5. cxd5 d6 6. Nf3 a6 7. a4 g6 8. g3 Bg7 9. Bg2 O-O 10. O-O Nbd7 11. Nd2 Ne5 12. h3 g5 13. Nde4 Nxe4 14. Nxe4 g4 15. hxg4 Bxg4 16. Ng5 h6 17. Nh3 Qe7 18. Nf4 Ng6 19. Re1 b5 20. Nxg6 fxg6 21. axb5 axb5 22. Rxa8 Rxa8 23. Qd3 g5 24. Qxb5 Ra1 25. Kf1 Be5 26. Bd2 Bxb2 27. Bxg5 Bxe2+ 28. Qxe2 Qxe2+ 29. Kxe2 Rxe1+ 30. Kxe1 hxg5 31. Be4 1/2-1/2

[Event "Calgary int."]
[Site "Calgary CAN"]
[Date "2013.05.16"]
[Round "4"]
[White "Kostadinov, George"]
[Black "Langer, Mikhail"]
[Result "0-1"]
[WhiteElo "2082"]
[BlackElo "2237"]
[PlyCount "77"]
[GameId "2160767909356131"]
[EventDate "2013.05.14"]
[EventType "swiss"]
[EventRounds "9"]
[EventCountry "CAN"]
[SourceTitle "The Week in Chess 967"]
[Source "Mark Crowther"]
[SourceDate "2013.05.20"]
[SourceVersion "1"]
[SourceVersionDate "2013.05.20"]
[SourceQuality "2"]

1. d4 Nf6 2. c4 c5 3. d5 e6 4. Nc3 exd5 5. cxd5 d6 6. Nf3 g6 7. e4 a6 8. a4 Bg4 9. Be2 Bg7 10. h3 Bxf3 11. Bxf3 O-O 12. O-O Nbd7 13. Bg5 Re8 14. Qc2 c4 15. Be2 Qc7 16. Be3 Nc5 17. f3 Rac8 18. Ra3 Re7 19. Bf2 h6 20. g4 b6 21. Kg2 Qb8 22. Bxc4 b5 23. axb5 axb5 24. Bxb5 Rb7 25. Qe2 Nfxe4 26. fxe4 Bxc3 27. Rxc3 Rxb5 28. Rc2 Rb3 29. Bd4 Nd3 30. Bc3 Nxb2 31. Qf3 Qc7 32. Rxb2 Rxc3 33. Qf6 Rc2+ 34. Rf2 Rxb2 35. Qxb2 Qc4 36. Qe2 Qd4 37. Qf3 Rc7 38. Ra2 Rc3 39. Ra4 0-1

[Event "Calgary int."]
[Site "Calgary CAN"]
[Date "2013.05.16"]
[Round "4"]
[White "McEntee, Tim R"]
[Black "Nguyen, Kim"]
[Result "1/2-1/2"]
[WhiteElo "2115"]
[BlackElo "2079"]
[PlyCount "98"]
[GameId "2160767909356132"]
[EventDate "2013.05.14"]
[EventType "swiss"]
[EventRounds "9"]
[EventCountry "CAN"]
[SourceTitle "CBM 154 Extra"]
[Source "ChessBase"]
[SourceDate "2013.06.25"]
[SourceVersion "2"]
[SourceVersionDate "2013.06.25"]
[SourceQuality "1"]

1. d4 Nf6 2. c4 g6 3. Nc3 Bg7 4. e4 d6 5. f3 O-O 6. Be3 c5 7. Nge2 Qa5 8. Qd2 Nc6 9. d5 Ne5 10. Ng3 a6 11. Be2 Bd7 12. h3 b5 13. f4 Nxc4 14. Bxc4 bxc4 15. O-O Ne8 16. f5 Rb8 17. Rae1 Qb6 18. Rf2 Be5 19. Nf1 Nf6 20. Bh6 Rfe8 21. Qe2 e6 22. fxg6 fxg6 23. Bg5 Rf8 24. Ne3 Nh5 25. Rxf8+ Rxf8 26. Nxc4 Qb4 27. Nxe5 dxe5 28. Be3 Nf4 29. Qd2 c4 30. Bxf4 Rxf4 31. Rf1 Qc5+ 32. Rf2 Kg7 33. Kf1 Rxf2+ 34. Qxf2 Qd4 35. Ke1 h5 36. h4 a5 37. a3 Bc8 38. Qxd4 exd4 39. Nb5 exd5 40. Nxd4 dxe4 41. Kd2 Kf6 42. Ke3 Bb7 43. g3 Bd5 44. Kf4 e3 45. Kxe3 g5 46. hxg5+ Kxg5 47. Ne2 Kg4 48. Kf2 Be4 49. Nc3 Bc6 1/2-1/2